<?xml version="1.0" encoding="UTF-8"?>
<collection xmlns="http://www.loc.gov/MARC21/slim">
 <record>
  <leader>01279nam a22001571  4500</leader>
  <controlfield tag="001">1/15969</controlfield>
  <controlfield tag="008">990922s1992    enk                 eng d</controlfield>
  <datafield tag="035" ind1=" " ind2=" ">
   <subfield code="l">16472</subfield>
  </datafield>
  <datafield tag="040" ind1=" " ind2=" ">
   <subfield code="a">DLC</subfield>
   <subfield code="b">GR-PeUP</subfield>
  </datafield>
  <datafield tag="082" ind1="0" ind2="0">
   <subfield code="a">378.1 ΕΛ</subfield>
  </datafield>
  <datafield tag="245" ind1="1" ind2="3">
   <subfield code="a">Τα Ελληνικά Πανεπιστήμια στην Ευρώπη του 2000 :</subfield>
   <subfield code="b">Έκθεση και εισηγήσεις της Επιτροπής Ευρωπαϊκών Υποθέσεων πρός την Σύνοδο των Πρυτάνεων και Προέδρων Δ.Ε. των Ελληνικών Πανεπιστημίων. Απόφαση της συνλοδου των Πρυτανέων των Ελληνικών Πανεπιστημίων της 10ης Οκτωβρίου 1992 σχετικά με το Υπόμνημα της Επιτροπής των Ευρωπαϊκών Κοινοτήτων για την Τριτοβάθμια Εκπαίδευση στην Ευρώπη</subfield>
  </datafield>
  <datafield tag="260" ind1=" " ind2=" ">
   <subfield code="a">Αθήνα :</subfield>
   <subfield code="b">Επιτροπή Ευρωπαϊκών Υποθέσεων ,</subfield>
   <subfield code="c">1992</subfield>
  </datafield>
  <datafield tag="300" ind1=" " ind2=" ">
   <subfield code="a">124 σ. :</subfield>
   <subfield code="b">πιν. ;</subfield>
   <subfield code="c">24 εκ.</subfield>
  </datafield>
  <datafield tag="650" ind1=" " ind2="4">
   <subfield code="a">Εκπαίδευση, Ανώτατη.</subfield>
  </datafield>
  <datafield tag="650" ind1=" " ind2="4">
   <subfield code="a">Πανεπιστήμια.</subfield>
  </datafield>
  <datafield tag="852" ind1=" " ind2=" ">
   <subfield code="a">INST</subfield>
   <subfield code="b">UNIPILB</subfield>
   <subfield code="c">MAIN</subfield>
   <subfield code="e">20040709</subfield>
   <subfield code="h">378.1 ΕΛ</subfield>
   <subfield code="p">00131794</subfield>
   <subfield code="q">00131794</subfield>
   <subfield code="t">LOAN</subfield>
   <subfield code="y">0</subfield>
   <subfield code="4">1</subfield>
  </datafield>
 </record>
</collection>
